The framework of systemic organization : (Record no. 14803)

000 -LEADER
fixed length control field 00691pam a2200193 a 4500
020 ## - INTERNATIONAL STANDARD BOOK NUMBER
ISBN 0803949138 (alk. paper)
020 ## - INTERNATIONAL STANDARD BOOK NUMBER
ISBN 0803949146 (pbk. : alk. paper)
040 ## - CATALOGING SOURCE
Transcribing agency DLC
082 00 - DEWEY DECIMAL CLASSIFICATION NUMBER
Classification number 610 SAG 1995 A051 Or.
100 1# - MAIN ENTRY--AUTHOR NAME
Personal name Friedemann, Marie-Luise.
245 14 - TITLE STATEMENT
Title The framework of systemic organization :
Remainder of title a conceptual approach to families and nursing /
260 ## - PUBLICATION, DISTRIBUTION, ETC. (IMPRINT)
Place of publication Thousand Oaks :
Name of publisher Sage Publications,
Year of publication c1995.
300 ## - PHYSICAL DESCRIPTION
Number of Pages xiv, 402 p. :
Other physical details ill. ;
Dimensions 24 cm.
650 #0 - SUBJECT ADDED ENTRY--TOPICAL TERM
Topical Term Family nursing.
650 #0 - SUBJECT ADDED ENTRY--TOPICAL TERM
Topical Term Family nursing
856 42 - ELECTRONIC LOCATION AND ACCESS
Uniform Resource Identifier http://www.loc.gov/catdir/enhancements/fy0655/95021327-d.html
856 41 - ELECTRONIC LOCATION AND ACCESS
Uniform Resource Identifier http://www.loc.gov/catdir/enhancements/fy0655/95021327-t.html
942 ## - ADDED ENTRY ELEMENTS (KOHA)
Koha item type សៀវភៅភាសាអង់គ្លេស
952 ## - LOCATION AND ITEM INFORMATION (KOHA)
Withdrawn status [LOCAL, KOHA] 0
Holdings
Permanent Location Date acquired Koha item type Lost status Shelving location Barcode Current Location Full call number
Library Block A2017-10-26សៀវភៅភាសាអង់គ្លេស A051A06483Library Block A610 SAG 1995 A051 Or.
មជ្ឈមណ្ឌលឯការនៃសាកលវិទ្យាល័យភូមិន្ទកសិកម្មចំការដូង

Powered by Koha